Alle 97 Oscar Gewinner "Bester Hauptdarsteller" (1929 - 2024) - Statistiken

Allgemein
  • Dieses Quiz wurde 53 mal gespielt
  • Das Durchschnittsergebnis liegt bei 31 aus 97
Antwortstatistiken
Jahr 🚩 Film(e) Schauspieler % Korrekt
2016 🇺🇸 🔸The Revenant Leonardo DiCaprio
95%
1994 🇺🇸 🔸Philadelphia Tom Hanks
93%
1995 🇺🇸 🔸Forrest Gump Tom Hanks
93%
1992 🇬🇧 🔸Das Schweigen der Lämmer Anthony Hopkins
84%
2021 🇬🇧 🔸The Father Anthony Hopkins
84%
2020 🇺🇸 🔸Joker Joaquin Phoenix
70%
2001 🇳🇿 🇺🇸 🔸Gladiator Russell Crowe
70%
1993 🇺🇸 🔸Der Duft der Frauen Al Pacino
66%
1981 🇺🇸 🔸Wie ein wilder Stier Robert De Niro
66%
1983 🇬🇧 🔸Gandhi Ben Kingsley
64%
2024 🇮🇪 🔸Oppenheimer Cillian Murphy
61%
1976 🇺🇸 🔸Einer flog über das Kuckucksnest Jack Nicholson
59%
1998 🇺🇸 🔸Besser geht's nicht Jack Nicholson
59%
1955 🇺🇸 🔸Die Faust im Nacken Marlon Brando
59%
1973 🇺🇸 🔸Der Pate Marlon Brando
59%
1980 🇺🇸 🔸Kramer gegen Kramer Dustin Hoffman
57%
1989 🇺🇸 🔸Rain Man Dustin Hoffman
57%
2022 🇺🇸 🔸King Richard Will Smith
57%
2002 🇺🇸 🔸Training Day Denzel Washington
52%
1970 🇺🇸 🔸Der Marshall John Wayne
52%
1988 🇺🇸 🔸Wall Street Michael Douglas
52%
2006 🇺🇸 🔸Capote Philip Seymour Hoffman
50%
1990 🇬🇧 🔸Mein linker Fuß Daniel Day - Lewis
48%
2008 🇬🇧 🔸There will be Blood Daniel Day - Lewis
48%
2013 🇬🇧 🔸Lincoln Daniel Day - Lewis
48%
2000 🇺🇸 🔸American Beauty Kevin Spacey
48%
1996 🇺🇸 🔸Leaving Las Vegas Nicholas Cage
48%
2019 🇺🇸 🔸Bohemian Rhapsody Rami Malek
48%
2004 🇺🇸 🔸Mystic River Sean Penn
43%
2009 🇺🇸 🔸Milk Sean Penn
43%
2003 🇺🇸 🔸Der Pianist Adrien Brody
41%
2011 🇬🇧 🔸The King's Speech Colin Firth
41%
1975 🇺🇸 🔸Harry & Tonto Art Carney
39%
2023 🇺🇸 🔸The Whale Brendan Fraser
39%
2017 🇺🇸 🔸Manchester by the Sea Casey Affleck
39%
2014 🇺🇸 🔸Dallas Buyers Club Matthew McConaughey
39%
2005 🇺🇸 🔸Ray Jamie Foxx
36%
1968 🇺🇸 🔸In der Hitze der Nacht Rod Steiger
36%
1963 🇺🇸 🔸Wer die Nachtigall stört Gregory Peck
34%
1952 🇺🇸 🔸African Queen Humphrey Bogart
32%
1941 🇺🇸 🔸Die Nacht vor der Hochzeit James Stewart
32%
1960 🇺🇸 🔸Ben Hur Charlton Heston
30%
2007 🇺🇸 🔸Der letzte König von Schottland Forest Whitaker
30%
2018 🇬🇧 🔸Die dunkelste Stunde Gary Oldman
30%
1982 🇺🇸 🔸Am goldenen See Henry Fonda
30%
1938 🇺🇸 🔸Manuel Spencer Tracy
30%
1939 🇺🇸 🔸Teufelskerle Spencer Tracy
30%
1942 🇺🇸 🔸Sergeant York Gary Cooper
27%
1953 🇺🇸 🔸12 Uhr mittags Gary Cooper
27%
1987 🇺🇸 🔸Die Farbe des Geldes Paul Newman
27%
1999 🇮🇹 🔸Das Leben ist schön Roberto Benigni
27%
2015 🇬🇧 🔸Die Entdeckung der Unendlichkeit Eddie Redmayne
25%
1972 🇺🇸 🔸 French Connection Gene Hackman
25%
1979 🇺🇸 🔸Coming Home - Sie kehren heim Jon Voight
25%
1964 🇺🇸 🔸Lilien auf dem Felde Sidney Poitier
25%
1957 🇷🇺 🇨🇳 🇺🇸 🔸Der König & ich Yul Brynner
23%
1958 🇬🇧 🔸Die Brücke am Kwai Alec Guinness
20%
1966 🇺🇸 🔸Cat Ballou Lee Marvin
20%
1962 🇨🇭 🇦🇹 🔸Das Urteil von Nürnberg Maximilian Schell
20%
1946 🇬🇧 🔸Das verlorene Wochenende Ray Milland
20%
1961 🇺🇸 🔸Elmer Gantry Burt Lancaster
18%
1935 🇺🇸 🔸Es geschah in einer Nacht Clark Gable
16%
1974 🇺🇸 🔸Save the Tiger Jack Lemmon
16%
2012 🇫🇷 🔸The Artist Jean Dujardin
16%
1965 🇬🇧 🔸My Fair Lady Rex Harrison
16%
1929 🇩🇪 🔸Der Weg allen Fleisches🔸Sein letzter Befehl Emil Jannings
14%
1985 🇺🇸 🔸Amadeus F. Murray Abraham
14%
1991 🇬🇧 🔸Die Affäre der Sunny von B. Jeremy Irons
14%
1949 🇬🇧 🔸Hamlet Laurence Olivier
14%
1997 🇦🇺 🔸Shine - Der Weg ins Licht Geoffrey Rush
11%
2010 🇺🇸 🔸Crazy Hearts Jeff Bridges
11%
1977 🇬🇧 🔸Network Peter Finch
11%
1969 🇺🇸 🔸Charly Cliff Robertson
9%
1956 🇺🇸 🔸Marty Ernest Borgnine
9%
1932 🇺🇸 🔸Dr. Jekyll & Mr. Hyde Fredric March
9%
1947 🇺🇸 🔸Die besten Jahre unseres Lebens Fredric March
9%
1971 🇺🇸 🔸 Patton - Rebell in Uniform Georg C. Scott
9%
1978 🇺🇸 🔸Der Untermieter Richard Dreyfuss
9%
1984 🇺🇸 🔸Comeback der Liebe Robert Duvall
9%
1954 🇺🇸 🔸Stalag 17 William Holden
9%
1934 🇬🇧 🇺🇸 🔸Das Privatleben Heinrich VIII. Charles Laughton
7%
1959 🇬🇧 🔸Getrennt von Tisch & Bett David Niven
7%
1930 🇬🇧 🔸Disraeli George Arliss
7%
1951 🇺🇸 🔸Der letzte Musketier José Ferrer
7%
1986 🇺🇸 🔸Kuß der Spinnenfrau William Hurt
7%
1945 🇺🇸 🔸Der Weg zum Glück Bing Crosby
5%
1950 🇺🇸 🔸Der Mann, der herrschen wollte Broderick Crawford
5%
1943 🇺🇸 🔸Yankee Doodle Dandy James Cagney
5%
1931 🇺🇸 🔸Der Mut zum Glück Lionel Barrymore
5%
1944 🇭🇺 🇺🇸 🔸Watch on the Rhine Paul Lukas
5%
1937 🇦🇹 🇭🇺 🇺🇸 🔸Louis Pasteur Paul Muni
5%
1967 🇬🇧 🔸Ein Mann zu jeder Jahreszeit Paul Scofield
5%
1940 🇬🇧 🔸Auf Wiedersehen, Mr. Chips Robert Donat
5%
1948 🇬🇧 🔸Ein Doppelleben Ronald Colman
5%
1936 🇬🇧 🇺🇸 🔸 Der Verräter Victor McLaglen
5%
1932 🇺🇸 🔸Der Champ Wallace Beery
5%
1930 🇺🇸 🔸 In Old Arizona Warner Baxter
5%
Keine übereinstimmenden Quizze gefunden
Verteilung der Resultate
Anzahl Personen mit jedem Resultat
Perzentil nach korrekt beantworteten Fragen
Ihre Resultats-Entwicklung
Sie haben dieses Quiz noch nicht gespielt